Library Banner

Foundations of sustainable business : (Record no. 139932)

MARC details
000 -LEADER
fixed length control field 00562nam a22001817a 4500
005 - DATE AND TIME OF LATEST TRANSACTION
control field 20260227100518.0
008 - FIXED-LENGTH DATA ELEMENTS--GENERAL INFORMATION
fixed length control field 260227b |||||||| |||| 00| 0 eng d
020 ## - INTERNATIONAL STANDARD BOOK NUMBER
International Standard Book Number 9781394208968 (pbk)
040 ## - CATALOGING SOURCE
Transcribing agency PK-LaUMT
082 ## - DEWEY DECIMAL CLASSIFICATION NUMBER
Classification number 658.4083
Item number SAN-F
100 ## - MAIN ENTRY--PERSONAL NAME
Personal name Sanders, Nada R.
245 ## - TITLE STATEMENT
Title Foundations of sustainable business :
Remainder of title theory, function, and strategy /
Statement of responsibility, etc by Nada R. Sanders and John D. Wood
250 ## - EDITION STATEMENT
Edition statement 3rd ed.
260 ## - PUBLICATION, DISTRIBUTION, ETC. (IMPRINT)
Place of publication, distribution, etc Hoboken :
Name of publisher, distributor, etc John Wiley,
Date of publication, distribution, etc 2024
300 ## - PHYSICAL DESCRIPTION
Extent 323 p.
650 ## - SUBJECT ADDED ENTRY--TOPICAL TERM
Topical term or geographic name as entry element Management-Environmental aspects
942 ## - ADDED ENTRY ELEMENTS (KOHA)
Koha item type Books
Holdings
Withdrawn status Lost status Damaged status Home library Current library Date acquired Full call number Barcode Date last seen Price effective from Koha item type
      UMT Main Campus UMT Main Campus 2026-02-27 658.4083 SAN-F 151745 2026-02-27 2026-02-27 Books